Cyclisme : Vainqueurs du Critérium du Dauphiné - Statistiques

Statistiques générales
  • Ce quiz a été pris 46 fois
  • Le résultat moyen est 26 sur 74
Statistiques - réponses
Année Vainqueur % Correct
2025 Tadej Pogačar
97%
2016 Christopher Froome
94%
2015 Christopher Froome
94%
2013 Christopher Froome
94%
2023 Jonas Vingegaard
94%
1981 Bernard Hinault
86%
1979 Bernard Hinault
86%
1977 Bernard Hinault
86%
2018 Geraint Thomas
86%
2024 Primož Roglič
78%
2022 Primož Roglič
78%
1971 Eddy Merckx
75%
1996 Miguel Indurain
72%
1995 Miguel Indurain
72%
2009 Alejandro Valverde
61%
2008 Alejandro Valverde
61%
1965 Jacques Anquetil
58%
1963 Jacques Anquetil
58%
1969 Raymond Poulidor
58%
1966 Raymond Poulidor
58%
2012 Bradley Wiggins
53%
2011 Bradley Wiggins
53%
2007 Christophe Moreau
53%
2001 Christophe Moreau
53%
2020 Daniel Martínez
53%
2021 Richie Porte
53%
1983 Greg LeMond
50%
2019 Jakob Fuglsang
44%
2017 Jakob Fuglsang
44%
1976 Bernard Thévenet
42%
1975 Bernard Thévenet
42%
1955 Louison Bobet
42%
1999 Alexandre Vinokourov
39%
1973 Luis Ocaña
33%
1972 Luis Ocaña
33%
1970 Luis Ocaña
33%
2014 Andrew Talansky
25%
1992 Charly Mottet
25%
1989 Charly Mottet
25%
1987 Charly Mottet
25%
2004 Iban Mayo
19%
2000 Tyler Hamilton
19%
1986 Urs Zimmermann
17%
1998 Armand de Las Cuevas
14%
2010 Janez Brajkovič
14%
1994 Laurent Dufaux
14%
1993 Laurent Dufaux
14%
1991 Luis Herrera
14%
1988 Luis Herrera
14%
1960 Jean Dotto
11%
1952 Jean Dotto
11%
1959 Henry Anglade
6%
2005 Íñigo Landaluze
6%
1978 Michel Pollentier
6%
1985 Phil Anderson
6%
1962 Raymond Mastrotto
6%
1997 Udo Bölts
6%
1974 Alain Santy
3%
1948 Édouard Fachleitner
3%
1949 Lucien Lazaridès
3%
1984 Martín Ramírez
3%
1982 Michel Laurent
3%
1954 Nello Lauredi
3%
1951 Nello Lauredi
3%
1950 Nello Lauredi
3%
1990 Robert Millar
3%
1956 Alex Close
0%
1961 Brian Robinson
0%
1947 Édouard Klabinski
0%
1980 Johan van der Velde
0%
1958 Louis Rostollan
0%
1953 Lucien Teisseire
0%
1957 Marcel Rohrbach
0%
1964 Valentín Uriona
0%
Aucun quiz correspondant
Distribution des résultats
% des personnes avec chaque résultat
Percentile par nombre de réponses
Votre historique - résultats
Vous n’avez pas pris ce quiz